Pet preliminary English test practice tests plus 2 with key

Shranjeno v:
Bibliografske podrobnosti
Glavni avtor: Ashton, Sharon
Format: Knjiga
Jezik:English
Izdano: New York Longman
Teme:
key
Oznake: Označite
Brez oznak, prvi označite!
Thư viện lưu trữ: Trung tâm Học liệu Lê Vũ Hùng, Trường Đại học Đồng Tháp
LEADER 00790pam a22002778a 4500
001 00039631
005 20171026081025.0
008 170520s ||||||engsd
041 0 # |a eng 
082 1 4 |a 428  |b P207PR 
100 1 # |a Ashton, Sharon 
245 1 0 |a Pet preliminary English test practice tests plus 2 with key  |c Sharon Ashton, Barbara Thomas 
260 # # |a New York  |b Longman 
300 # # |a 181 tr.  |b ill.  |c 29 cm. 
653 # # |a key 
653 # # |a preliminary 
653 # # |a practice tests 
852 # # |b Kho mượn  |j KM.0021720 
852 # # |j KM.0021720  |j KD.0020642 
852 # # |b Kho đọc  |j KD.1002534, KD.0020642 
910 |d 20/05/2017 
980 # # |a Trung tâm Học liệu Lê Vũ Hùng, Trường Đại học Đồng Tháp